| 000 | 01440cam a2200421 a 4500 | ||
|---|---|---|---|
| 001 | 22574 | ||
| 003 | SK-KTurca | ||
| 005 | 20260401135747.0 | ||
| 008 | 180209s2016 xo ab j 000 f slo d | ||
| 015 | _aSNBA2018/01 | ||
| 020 | _a9788056401873 (viaz.) | ||
| 035 | _aa000604550 | ||
| 040 |
_aPPPK _bslo _cUKB _dSNK _eAACR2 |
||
| 041 | 1 |
_aslo _heng |
|
| 044 |
_axo _cSK |
||
| 072 | 7 |
_a821.111(73)-3 _xAmerická próza _2konspekt |
|
| 072 | 7 |
_a821-93 _xLiteratúra pre deti a mládež (beletria) _2konspekt |
|
| 080 |
_a821.111(73)-31 _22011 |
||
| 080 |
_a(0:82-312.9) _22011 |
||
| 080 |
_a821-93 _22011 |
||
| 080 |
_a(0.038) _22011 |
||
| 100 | 1 |
_aColfer, Chris, _d1990- |
|
| 240 | 1 | 4 |
_aThe land of stories. _n1. _pThe wishing spell. _lSlovensky |
| 245 | 1 | 0 |
_aKrajina príbehov _n[1] _pČarovné zaklínadlo _cChris Colfer ; ilustroval Brandon Dorman ; [z anglického originálu preložila Marína Gálisová] |
| 246 | 3 | 0 | _aČarovné zaklínadlo |
| 250 | _a1. vyd. | ||
| 260 |
_aBratislava _bAlbatros Media Slovakia _c2016 |
||
| 300 |
_a341 s. _bil. |
||
| 500 | _aVyd. Fragment v Bratislave | ||
| 521 | 1 | _aPre čitateľov od 9 rokov | |
| 655 | 7 |
_aamerické romány _2UKBPH |
|
| 655 | 7 |
_afantazijné romány _2UKBPH |
|
| 655 | 7 |
_apublikácie pre deti _2UKBPH |
|
| 700 | 1 |
_aDorman, Brandon _4ill |
|
| 700 | 1 |
_aGálisová, Marína, _d1972- _4trl |
|
| 942 |
_2ddc _cKLDE _n0 |
||
| 999 |
_c22574 _d22574 |
||